01348nam a2200229Ia 4500008004100000020001500041041001200056100001900068245007400087250000800161260002500169300000800194650001600202700001600218942000700234999001700241952017200258952017200430952017200602952017200774952017200946221030s9999 xx 000 0 und d a0070702624 aEnglish aR. C. Gonzalez 0aDigital Image Processing Using MATLABcby R. C. Gonzalez, R. E. Woods a2nd bTMHaNew Delhic2012 a738 aBE Computer aR. E. Woods cBK c14417d14417 pBE 12775g595.00i10444l0eRKBr2024-06-13 00:00:00w2022-10-30yBK003Print4071aMIETLIBbMIETLIBcBL-Academic Block B, FL-2, CUP-77, SH-6, R-6d2012-12-2010HBE pBE 12776g595.00i10444l0eRKBr2025-05-17 00:00:00w2022-10-30yBK003Print4070aMIETLIBbMIETLIBcBL-Academic Block C, FL-2, CUP-73, SH-1, R-1d2012-12-2010HBE pBE 12777g595.00i10444l0eRKBr2025-05-17 00:00:00w2022-10-30yBK003Print4070aMIETLIBbMIETLIBcBL-Academic Block C, FL-2, CUP-73, SH-1, R-1d2012-12-2010HBE pBE 12778g595.00i10444l0eRKBr2025-05-17 00:00:00w2022-10-30yBK003Print4070aMIETLIBbMIETLIBcBL-Academic Block C, FL-2, CUP-73, SH-1, R-1d2012-12-2010HBE pBE 12779g595.00i10444l0eRKBr2025-05-17 00:00:00w2022-10-30yBK003Print4070aMIETLIBbMIETLIBcBL-Academic Block C, FL-2, CUP-73, SH-1, R-1d2012-12-2010HBE